000 00940nam a2200265 c 4500
999 _c437490
_d437490
003 BLK
005 20250722141321.0
008 180410b bul|||||r ||||||| ||bul||
020 _a9789543901692
040 _aBLK
041 _aBUL
_cBUL
080 _aАмериканска литература (на САЩ)
_b821.111(73)
_x-31
_z821.111(73)-31
100 1 _aАндрюс, Анди
_eпърви автор
_9321916
139 _aАндрюс, Анди
_bА 66
245 1 0 _aДжоунс проницателят
_bРоман
_cАнди Андрюс; прев. от англ. Даня Доганова
260 _bSkyPrint
_c2021
_aСофия
300 _a309 с.
_c21 см
380 _aX
700 _aДоганова, Даня Борисова
_d1956 -
_9305336
852 _bП
_c821-31/А 66 А
856 4 _qpdf
856 4 _qpdf
942 _cKNG
_n0
_040
_s1
944 _aCR
_c2021-11-18
_k30575
_lМартин Енчев